Pembaharuan dan kemajuan dalam perkhidmatan awam 1991

Bibliographic Details
Corporate Author: MALAYSIA
Format: Book
Published: Kuala Lumpur : MAMPU, Jabatan Perdana Menteri , 1992
Subjects:

MARC

LEADER 00000cam a2200000 7i4500
001 0000000709
005 20030701.0
090 0 0 |a 354.595006   |b MAL 1992 
110 1 0 |a MALAYSIA 
245 1 0 |a Pembaharuan dan kemajuan dalam perkhidmatan awam 1991 
260 0 0 |a Kuala Lumpur :   |b MAMPU, Jabatan Perdana Menteri ,   |c 1992 
300 |a xi, 468 p. :   |b ill. ;   |c 25 cm. 
650 0 0 |a Civil service   |z Malaysia 
650 0 0 |a Public administration   |z Malaysia 
998 |a JPSM 
999 |a 0000000036   |b Monograph   |c Open Shelf   |e Default branch 
999 |a 0000000037   |b Monograph   |c Open Shelf   |e Default branch 
999 |a 0000000038   |b Monograph   |c Open Shelf   |e Default branch 
999 |a 0000001813   |b Monograph   |c Open Shelf   |e Default branch 
999 |a 0000001814   |b Monograph   |c Open Shelf   |e Default branch 
999 |a 0000003945   |b Monograph   |c Open Shelf   |e Default branch